000 00569nam a2200205 i 4500
001 113559
003 ES-MaACL
005 20230906185935.0
007 t|
008 061121s1968 sp r ||||1| spa d
080 _a821.134.2-94"19"
080 _a929 Noel, Eugenio
100 0 _aNoel, Eugenio,
_d1885-1936
_985823
245 1 0 _aDiario íntimo.
_n2 /
_cEugenio Noel.
260 _aMadrid :
_bTaurus,
_c1968.
300 _a1 v., 10 lám. ;
_c23 cm.
600 0 4 _aNoel, Eugenio,
_d1885-1936
_985823
852 4 _aES-MaACL
_jP-1418
999 _c113559
_d113559